[Event "Summer Prague Open 2021 - A"]
[Site "?"]
[Date "2021.08.07"]
[Round "2.8"]
[White "Toman, Jan"]
[Black "Kulhanek, Tomas"]
[Result "0-1"]
[BlackElo "2314"]
[WhiteElo "2113"]
[LiveChessVersion "1.4.8"]

1. d4 {[%clk 1:30:55]} Nf6 {[%clk 1:30:47]} 2. c4 {[%clk 1:31:07]} e6
{[%clk 1:31:11]} 3. Nc3 {[%clk 1:31:17]} Bb4 {[%clk 1:31:35]} 4. e3
{[%clk 1:31:28]} O-O {[%clk 1:31:58]} 5. Bd2 {[%clk 1:31:12]} c5 {[%clk 1:31:18]}
6. a3 {[%clk 1:27:58]} Bxc3 {[%clk 1:31:32]} 7. Bxc3 {[%clk 1:27:35]} Ne4
{[%clk 1:31:26]} 8. Qc2 {[%clk 1:27:13]} Nxc3 {[%clk 1:30:48]} 9. Qxc3
{[%clk 1:26:57]} d6 {[%clk 1:30:28]} 10. Nf3 {[%clk 1:26:09]} b6 {[%clk 1:29:17]}
11. Be2 {[%clk 1:20:35]} Bb7 {[%clk 1:29:08]} 12. O-O {[%clk 1:19:02]} Nd7
{[%clk 1:29:25]} 13. Rfd1 {[%clk 1:14:26]} Qe7 {[%clk 1:29:21]} 14. b4
{[%clk 1:06:54]} Nf6 {[%clk 1:27:01]} 15. Rab1 {[%clk 1:03:21]} Ne4
{[%clk 1:25:33]} 16. Qc2 {[%clk 1:02:31]} Rac8 {[%clk 1:25:40]} 17. Nd2
{[%clk 0:46:27]} f5 {[%clk 1:18:05]} 18. f3 {[%clk 0:42:39]} Ng5 {[%clk 1:11:42]}
19. Qb3 {[%clk 0:39:21]} e5 {[%clk 1:10:02]} 20. d5 {[%clk 0:36:45]} f4
{[%clk 1:09:18]} 21. bxc5 {[%clk 0:29:17]} Rxc5 {[%clk 1:08:48]} 22. Qd3
{[%clk 0:28:30]} Bc8 {[%clk 1:03:54]} 23. a4 {[%clk 0:23:15]} Bd7
{[%clk 1:00:37]} 24. Rb4 {[%clk 0:22:58]} Rf6 {[%clk 0:55:38]} 25. Ra1
{[%clk 0:17:07]} Nh3+ {[%clk 0:49:25]} 26. Kf1 {[%clk 0:15:18]} Rg6
{[%clk 0:48:05]} 27. Ne4 {[%clk 0:09:23]} Bf5 {[%clk 0:46:43]} 28. Bd1
{[%clk 0:08:09]} Qh4 {[%clk 0:38:31]} 29. Ra2 {[%clk 0:07:55]} Ng5
{[%clk 0:37:27]} 30. exf4 {[%clk 0:03:35]} exf4 {[%clk 0:36:50]} 31. Qd4
{[%clk 0:01:08]} Bxe4 {[%clk 0:33:37]} 32. fxe4 {[%clk 0:01:23]} Qxh2
{[%clk 0:32:35]} 33. Rf2 {[%clk 0:00:40]} Nf7 {[%clk 0:31:07]} 34. Rb3
{[%clk 0:00:33]} Qh1+ {[%clk 0:30:42]} 35. Ke2 {[%clk 0:01:01]} Rxg2
{[%clk 0:30:12]} 0-1

[Event "Summer Prague Open 2021 - A"]
[Site "?"]
[Date "2021.08.07"]
[Round "2.9"]
[White "Svanda, Ondrej"]
[Black "Wolf, Walter"]
[Result "1/2-1/2"]
[BlackElo "2098"]
[WhiteElo "2312"]
[LiveChessVersion "1.4.8"]

1. e4 {[%clk 1:28:55]} e5 {[%clk 1:30:58]} 2. Nf3 {[%clk 1:29:10]} Nc6
{[%clk 1:31:17]} 3. Bc4 {[%clk 1:29:30]} Nf6 {[%clk 1:31:15]} 4. Ng5
{[%clk 1:29:31]} Bc5 {[%clk 1:31:22]} 5. Bxf7+ {[%clk 1:29:02]} Ke7
{[%clk 1:31:34]} 6. Bb3 {[%clk 1:28:50]} Rf8 {[%clk 1:31:09]} 7. d3
{[%clk 1:28:22]} d6 {[%clk 1:29:22]} 8. Nf3 {[%clk 1:27:22]} Qe8 {[%clk 1:28:34]}
9. Be3 {[%clk 1:27:00]} Bg4 {[%clk 1:27:11]} 10. Nbd2 {[%clk 1:26:05]} Nh5
{[%clk 1:21:23]} 11. Ba4 {[%clk 0:55:58]} Nf4 {[%clk 1:19:39]} 12. Bxf4
{[%clk 0:56:00]} Rxf4 {[%clk 1:19:31]} 13. Qe2 {[%clk 0:49:56]} Qg6
{[%clk 1:10:41]} 14. Bxc6 {[%clk 0:46:47]} bxc6 {[%clk 1:11:08]} 15. O-O-O
{[%clk 0:43:12]} Bxf3 {[%clk 1:09:11]} 16. gxf3 {[%clk 0:43:32]} Raf8
{[%clk 1:08:57]} 17. Kb1 {[%clk 0:41:36]} Qe6 {[%clk 1:04:46]} 18. c3
{[%clk 0:37:15]} a5 {[%clk 1:04:35]} 19. Rhg1 {[%clk 0:35:13]} g6
{[%clk 1:04:41]} 20. Rg3 {[%clk 0:34:41]} Qf6 {[%clk 1:02:05]} 21. Rdg1
{[%clk 0:28:56]} Bb6 {[%clk 1:01:50]} 22. Kc2 {[%clk 0:25:35]} Kd7
{[%clk 1:01:26]} 23. h3 {[%clk 0:20:04]} Rf7 {[%clk 0:57:32]} 24. Rg4
{[%clk 0:19:07]} Qe6 {[%clk 0:56:31]} 25. Kb1 {[%clk 0:18:45]} Qf6
{[%clk 0:55:30]} 26. R1g3 {[%clk 0:16:52]} Qe6 {[%clk 0:54:46]} 27. Qf1
{[%clk 0:15:21]} Kc8 {[%clk 0:48:55]} 28. Rxf4 {[%clk 0:15:34]} Rxf4
{[%clk 0:49:05]} 29. Rg4 {[%clk 0:14:02]} Rf8 {[%clk 0:48:11]} 30. Qe2
{[%clk 0:12:08]} Kb7 {[%clk 0:47:57]} 31. Rg3 {[%clk 0:10:40]} Qf6
{[%clk 0:46:18]} 32. Kc2 {[%clk 0:08:24]} Qe6 {[%clk 0:46:00]} 33. Kb1
{[%clk 0:08:48]} Rf4 {[%clk 0:44:35]} 34. Rg4 {[%clk 0:06:50]} Qf6
{[%clk 0:43:49]} 35. Rg3 {[%clk 0:02:43]} Qe6 {[%clk 0:42:48]} 36. Qf1
{[%clk 0:02:43]} Qf6 {[%clk 0:42:31]} 37. Kc2 {[%clk 0:02:39]} Qf7
{[%clk 0:42:17]} 38. b3 {[%clk 0:02:35]} Qe6 {[%clk 0:42:22]} 39. Rg4
{[%clk 0:01:51]} Rf8 {[%clk 0:42:29]} 40. Rg3 {[%clk 0:01:51]} a4
{[%clk 0:39:36]} 41. Kb2 {[%clk 0:27:55]} axb3 {[%clk 1:09:37]} 42. axb3
{[%clk 0:28:23]} Qf7 {[%clk 1:09:46]} 43. Nc4 {[%clk 0:27:28]} Ra8
{[%clk 1:09:38]} 44. Nxb6 {[%clk 0:19:04]} cxb6 {[%clk 1:09:47]} 45. Qc1
{[%clk 0:19:30]} Rf8 {[%clk 1:07:34]} 46. Qh6 {[%clk 0:16:54]} Qe7
{[%clk 1:07:06]} 47. Qe3 {[%clk 0:12:49]} Ra8 {[%clk 1:03:32]} 48. Qg5
{[%clk 0:12:35]} Qxg5 {[%clk 1:02:14]} 49. Rxg5 {[%clk 0:13:04]} Rf8
{[%clk 1:02:32]} 50. Rg3 {[%clk 0:13:33]} Rf4 {[%clk 1:02:46]} 51. Kc2
{[%clk 0:13:57]} Kc7 {[%clk 1:03:05]} 52. Kd2 {[%clk 0:14:24]} Kd7
{[%clk 1:03:29]} 53. Ke3 {[%clk 0:14:25]} Ke6 {[%clk 0:59:36]} 54. Rg4
{[%clk 0:05:46]} Rf7 {[%clk 0:59:38]} 55. f4 {[%clk 0:05:05]} Ra7
{[%clk 0:57:08]} 56. fxe5 {[%clk 0:04:34]} dxe5 {[%clk 0:57:34]} 57. Rg1
{[%clk 0:03:50]} Ra2 {[%clk 0:57:07]} 58. Rb1 {[%clk 0:03:19]} g5
{[%clk 0:56:14]} 59. b4 {[%clk 0:03:36]} b5 {[%clk 0:55:23]} 60. Rb3
{[%clk 0:03:34]} Ra1 {[%clk 0:55:23]} 61. c4 {[%clk 0:02:39]} Rh1
{[%clk 0:55:30]} 62. cxb5 {[%clk 0:03:07]} Rxh3+ {[%clk 0:55:31]} 63. Ke2
{[%clk 0:03:35]} cxb5 {[%clk 0:55:49]} 64. Rc3 {[%clk 0:04:03]} g4
{[%clk 0:55:08]} 65. Rc6+ {[%clk 0:04:30]} Kf7 {[%clk 0:55:27]} 66. Rc5
{[%clk 0:04:55]} Kf6 {[%clk 0:55:39]} 67. Rxb5 {[%clk 0:05:10]} h5
{[%clk 0:54:52]} 68. Rb6+ {[%clk 0:05:18]} Kf7 {[%clk 0:54:44]} 69. Rh6
{[%clk 0:05:22]} Rh1 {[%clk 0:54:19]} 70. b5 {[%clk 0:05:23]} Kg7
{[%clk 0:45:48]} 71. Re6 {[%clk 0:05:48]} h4 {[%clk 0:46:05]} 72. Rxe5
{[%clk 0:04:52]} Kg6 {[%clk 0:46:23]} 73. b6 {[%clk 0:04:55]} Rb1
{[%clk 0:45:16]} 74. Re6+ {[%clk 0:05:16]} Kg5 {[%clk 0:45:03]} 75. Re5+
{[%clk 0:05:23]} Kg6 {[%clk 0:45:31]} 76. Re6+ {[%clk 0:02:50]} Kg5
{[%clk 0:45:59]} 77. Re5+ {[%clk 0:02:41]} Kg6 {[%clk 0:46:27]} 78. Re6+
{[%clk 0:02:48]} 1/2-1/2

[Event "Summer Prague Open 2021 - A"]
[Site "?"]
[Date "2021.08.07"]
[Round "2.10"]
[White "Kozak, Milos"]
[Black "Stalmach, Richard"]
[Result "0-1"]
[BlackElo "2305"]
[WhiteElo "2103"]
[LiveChessVersion "1.4.8"]

1. d4 {[%clk 1:27:26]} Nf6 {[%clk 1:30:51]} 2. c4 {[%clk 1:27:37]} g6
{[%clk 1:31:13]} 3. Nc3 {[%clk 1:27:44]} Bg7 {[%clk 1:31:34]} 4. e4
{[%clk 1:28:07]} d6 {[%clk 1:31:52]} 5. Nf3 {[%clk 1:28:28]} O-O {[%clk 1:32:14]}
6. Be2 {[%clk 1:28:43]} e5 {[%clk 1:32:14]} 7. Be3 {[%clk 1:28:57]} Qe8
{[%clk 1:28:24]} 8. dxe5 {[%clk 1:19:03]} Ng4 {[%clk 1:28:20]} 9. exd6
{[%clk 1:19:08]} Nxe3 {[%clk 1:27:54]} 10. fxe3 {[%clk 1:19:32]} cxd6
{[%clk 1:26:56]} 11. Qxd6 {[%clk 1:19:14]} Nc6 {[%clk 1:22:52]} 12. Qd2
{[%clk 1:09:17]} Bg4 {[%clk 1:14:39]} 13. O-O {[%clk 0:59:00]} Rc8
{[%clk 0:48:02]} 14. Rad1 {[%clk 0:45:36]} h5 {[%clk 0:39:49]} 15. Nd4
{[%clk 0:39:51]} Rd8 {[%clk 0:33:49]} 16. Bxg4 {[%clk 0:27:33]} hxg4
{[%clk 0:29:45]} 17. Qf2 {[%clk 0:24:40]} Qe7 {[%clk 0:28:26]} 18. Kh1
{[%clk 0:21:59]} Be5 {[%clk 0:17:37]} 19. Nd5 {[%clk 0:19:19]} Qg5
{[%clk 0:17:09]} 20. g3 {[%clk 0:18:13]} Rde8 {[%clk 0:17:33]} 21. Rfe1
{[%clk 0:17:38]} Kg7 {[%clk 0:17:05]} 22. Nf4 {[%clk 0:17:39]} Bb8
{[%clk 0:16:21]} 23. Nxc6 {[%clk 0:12:46]} bxc6 {[%clk 0:16:47]} 24. Rd4
{[%clk 0:13:00]} Re7 {[%clk 0:16:10]} 25. Qc2 {[%clk 0:11:29]} Be5
{[%clk 0:15:02]} 26. Rd2 {[%clk 0:11:40]} Rfe8 {[%clk 0:15:20]} 27. Red1
{[%clk 0:10:27]} Bf6 {[%clk 0:10:50]} 28. Rd7 {[%clk 0:09:44]} Rxe4
{[%clk 0:07:33]} 29. Rxa7 {[%clk 0:09:56]} Qc5 {[%clk 0:06:07]} 30. Rad7
{[%clk 0:05:00]} Qxe3 {[%clk 0:05:58]} 31. Rf1 {[%clk 0:05:05]} Bd4
{[%clk 0:04:10]} 32. Qd1 {[%clk 0:01:16]} Rxf4 {[%clk 0:03:07]} 33. Rxf4
{[%clk 0:00:34]} Qe1+ {[%clk 0:03:33]} 0-1

[Event "Summer Prague Open 2021 - A"]
[Site "?"]
[Date "2021.08.07"]
[Round "2.11"]
[White "Nguyen, Alex Dac-Vuong"]
[Black "Wollenweber, Carsten"]
[Result "1-0"]
[BlackElo "2079"]
[WhiteElo "2290"]
[LiveChessVersion "1.4.8"]

1. e4 {[%clk 1:30:56]} g6 {[%clk 1:30:58]} 2. d4 {[%clk 1:31:19]} Bg7
{[%clk 1:31:23]} 3. Nf3 {[%clk 1:31:44]} d6 {[%clk 1:31:47]} 4. Bc4
{[%clk 1:32:09]} e6 {[%clk 1:31:50]} 5. O-O {[%clk 1:32:25]} a6 {[%clk 1:31:51]}
6. Re1 {[%clk 1:29:59]} Ne7 {[%clk 1:31:26]} 7. c3 {[%clk 1:30:09]} Nd7
{[%clk 1:31:20]} 8. Nbd2 {[%clk 1:30:25]} h6 {[%clk 1:30:53]} 9. Nf1
{[%clk 1:29:04]} b5 {[%clk 1:30:17]} 10. Bd3 {[%clk 1:29:04]} Bb7
{[%clk 1:26:59]} 11. a4 {[%clk 1:27:43]} c6 {[%clk 1:26:38]} 12. Ng3
{[%clk 1:24:22]} O-O {[%clk 1:23:58]} 13. h4 {[%clk 1:19:00]} Nf6
{[%clk 1:21:29]} 14. Qe2 {[%clk 1:17:34]} Kh8 {[%clk 1:09:51]} 15. Bf4
{[%clk 1:07:42]} Neg8 {[%clk 1:08:32]} 16. Bc2 {[%clk 1:05:59]} Ng4
{[%clk 1:07:02]} 17. Rad1 {[%clk 1:03:36]} Qe7 {[%clk 1:06:00]} 18. e5
{[%clk 1:02:39]} dxe5 {[%clk 1:02:52]} 19. dxe5 {[%clk 1:02:51]} Rfd8
{[%clk 0:59:11]} 20. h5 {[%clk 0:49:19]} g5 {[%clk 0:58:36]} 21. Qe4
{[%clk 0:44:48]} f5 {[%clk 0:58:52]} 22. Nxf5 {[%clk 0:45:11]} exf5
{[%clk 0:48:07]} 23. Qxf5 {[%clk 0:45:37]} Bf8 {[%clk 0:47:27]} 24. Bg3
{[%clk 0:22:44]} Bc8 {[%clk 0:42:19]} 25. Qe4 {[%clk 0:22:30]} Bd7
{[%clk 0:33:11]} 26. Nd4 {[%clk 0:16:41]} Ra7 {[%clk 0:17:22]} 27. Nf5
{[%clk 0:16:25]} Qh7 {[%clk 0:14:37]} 28. Qxg4 {[%clk 0:13:58]} Ne7
{[%clk 0:14:42]} 29. e6 {[%clk 0:14:06]} Bxe6 {[%clk 0:14:03]} 30. Rxd8
{[%clk 0:14:29]} 1-0

[Event "Summer Prague Open 2021 - A"]
[Site "?"]
[Date "2021.08.07"]
[Round "2.12"]
[White "Simecek, Bohumil"]
[Black "Bluebaum, Karl-Ernst"]
[Result "1-0"]
[BlackElo "2281"]
[WhiteElo "2095"]
[LiveChessVersion "1.4.8"]

1. d4 {[%clk 1:30:29]} d5 {[%clk 1:30:49]} 2. Nf3 {[%clk 1:30:22]} Nf6
{[%clk 1:31:09]} 3. Bf4 {[%clk 1:30:15]} c5 {[%clk 1:30:58]} 4. e3
{[%clk 1:29:58]} Nc6 {[%clk 1:31:04]} 5. c3 {[%clk 1:30:17]} Qb6 {[%clk 1:30:58]}
6. Qb3 {[%clk 1:29:47]} c4 {[%clk 1:30:42]} 7. Qc2 {[%clk 1:30:07]} Bf5
{[%clk 1:30:02]} 8. Qc1 {[%clk 1:30:27]} h6 {[%clk 1:24:05]} 9. h3
{[%clk 1:30:22]} e6 {[%clk 1:24:07]} 10. Be2 {[%clk 1:29:57]} Be7
{[%clk 1:24:18]} 11. O-O {[%clk 1:30:04]} O-O {[%clk 1:14:10]} 12. Nbd2
{[%clk 1:28:20]} Rfc8 {[%clk 1:05:46]} 13. Re1 {[%clk 1:18:45]} Qd8
{[%clk 1:03:20]} 14. Ne5 {[%clk 1:17:41]} Nxe5 {[%clk 0:55:23]} 15. Bxe5
{[%clk 1:16:51]} b5 {[%clk 0:54:47]} 16. Bf3 {[%clk 1:13:47]} Ne4
{[%clk 0:48:40]} 17. Nxe4 {[%clk 1:01:12]} dxe4 {[%clk 0:48:51]} 18. Be2
{[%clk 0:58:51]} Bd6 {[%clk 0:49:34]} 19. Bxd6 {[%clk 0:58:31]} Qxd6
{[%clk 0:49:34]} 20. Qd2 {[%clk 0:56:23]} Rab8 {[%clk 0:47:49]} 21. b4
{[%clk 0:51:56]} e5 {[%clk 0:39:26]} 22. a4 {[%clk 0:47:06]} a5 {[%clk 0:30:05]}
23. Reb1 {[%clk 0:47:18]} bxa4 {[%clk 0:16:33]} 24. Rxa4 {[%clk 0:45:27]} axb4
{[%clk 0:16:55]} 25. Raxb4 {[%clk 0:44:03]} Rxb4 {[%clk 0:17:23]} 26. Rxb4
{[%clk 0:44:20]} Be6 {[%clk 0:17:39]} 27. Qd1 {[%clk 0:35:37]} f5
{[%clk 0:11:17]} 28. dxe5 {[%clk 0:20:51]} Qxe5 {[%clk 0:11:38]} 29. Qd4
{[%clk 0:21:12]} Qc7 {[%clk 0:08:36]} 30. Qb6 {[%clk 0:20:45]} Qxb6
{[%clk 0:07:58]} 31. Rxb6 {[%clk 0:21:06]} Kf7 {[%clk 0:08:23]} 32. g4
{[%clk 0:17:37]} g6 {[%clk 0:08:44]} 33. Kg2 {[%clk 0:17:56]} Rc5
{[%clk 0:05:09]} 34. Kg3 {[%clk 0:17:07]} fxg4 {[%clk 0:05:22]} 35. Bxg4
{[%clk 0:16:43]} Bxg4 {[%clk 0:05:50]} 36. hxg4 {[%clk 0:16:58]} h5
{[%clk 0:03:39]} 37. gxh5 {[%clk 0:14:06]} Rxh5 {[%clk 0:03:11]} 38. Rc6
{[%clk 0:13:30]} Rg5+ {[%clk 0:03:33]} 39. Kh3 {[%clk 0:06:26]} Rf5
{[%clk 0:01:38]} 40. Kg2 {[%clk 0:06:19]} Rf6 {[%clk 0:02:06]} 41. Rxc4
{[%clk 0:05:22]} Re6 {[%clk 0:02:35]} 42. Kg3 {[%clk 0:03:57]} Ke7
{[%clk 0:23:31]} 43. Rd4 {[%clk 0:32:26]} Re5 {[%clk 0:22:30]} 44. c4
{[%clk 0:30:25]} Rg5+ {[%clk 0:16:00]} 45. Kh3 {[%clk 0:27:58]} Re5
{[%clk 0:13:15]} 46. Kg4 {[%clk 0:25:14]} Kf7 {[%clk 0:13:37]} 47. Rd5
{[%clk 0:18:39]} Re6 {[%clk 0:13:49]} 48. Rd2 {[%clk 0:17:27]} Kf6
{[%clk 0:10:27]} 49. c5 {[%clk 0:16:20]} Ke5 {[%clk 0:07:21]} 50. Rd6
{[%clk 0:16:11]} Re8 {[%clk 0:07:49]} 51. Rxg6 {[%clk 0:15:52]} Rf8
{[%clk 0:08:17]} 52. Rg5+ {[%clk 0:15:28]} Ke6 {[%clk 0:08:45]} 53. Kg3
{[%clk 0:15:29]} 1-0

[Event "Summer Prague Open 2021 - A"]
[Site "?"]
[Date "2021.08.07"]
[Round "2.13"]
[White "Kusa, Jakub"]
[Black "Djidjeli, Sarah"]
[Result "1/2-1/2"]
[BlackElo "2062"]
[WhiteElo "2280"]
[LiveChessVersion "1.4.8"]

1. e4 {[%clk 1:30:56]} c5 {[%clk 1:30:57]} 2. Nf3 {[%clk 1:31:16]} Nc6
{[%clk 1:31:23]} 3. Bb5 {[%clk 1:31:38]} g6 {[%clk 1:31:47]} 4. Bxc6
{[%clk 1:31:39]} bxc6 {[%clk 1:32:11]} 5. O-O {[%clk 1:31:09]} Bg7
{[%clk 1:32:32]} 6. c3 {[%clk 1:31:02]} Nf6 {[%clk 1:27:35]} 7. Re1
{[%clk 1:29:47]} O-O {[%clk 1:26:55]} 8. d4 {[%clk 1:28:13]} d5 {[%clk 1:21:29]}
9. exd5 {[%clk 1:16:09]} cxd5 {[%clk 1:01:44]} 10. dxc5 {[%clk 1:14:21]} Ne4
{[%clk 0:58:59]} 11. Be3 {[%clk 1:07:15]} Qc7 {[%clk 0:57:08]} 12. Qxd5
{[%clk 1:01:39]} Bb7 {[%clk 0:57:33]} 13. Qc4 {[%clk 1:01:18]} Rfd8
{[%clk 0:52:10]} 14. Na3 {[%clk 0:53:13]} Bd5 {[%clk 0:49:12]} 15. Qe2
{[%clk 0:51:29]} Nxc5 {[%clk 0:41:22]} 16. Rad1 {[%clk 0:50:40]} Ne6
{[%clk 0:39:21]} 17. Nb5 {[%clk 0:41:29]} Qa5 {[%clk 0:30:30]} 18. Nfd4
{[%clk 0:40:59]} Qxa2 {[%clk 0:28:32]} 19. Ra1 {[%clk 0:38:31]} Qc4
{[%clk 0:28:46]} 20. Qxc4 {[%clk 0:36:33]} Bxc4 {[%clk 0:29:14]} 21. Nxe6
{[%clk 0:36:48]} Bxe6 {[%clk 0:29:21]} 22. Nc7 {[%clk 0:27:47]} Rab8
{[%clk 0:29:43]} 23. Nxe6 {[%clk 0:28:12]} fxe6 {[%clk 0:30:09]} 24. Re2
{[%clk 0:27:54]} a5 {[%clk 0:27:36]} 25. g3 {[%clk 0:27:13]} Rb5 {[%clk 0:28:02]}
26. Kg2 {[%clk 0:25:53]} Kf7 {[%clk 0:27:16]} 27. Ra2 {[%clk 0:24:07]} Rdb8
{[%clk 0:26:43]} 28. Bc1 {[%clk 0:21:55]} Bf6 {[%clk 0:19:17]} 29. Rc2
{[%clk 0:19:12]} Rc8 {[%clk 0:18:53]} 30. Bd2 {[%clk 0:16:02]} Rcb8
{[%clk 0:16:49]} 31. Kf1 {[%clk 0:13:59]} Ke8 {[%clk 0:13:57]} 32. Ke2
{[%clk 0:13:26]} Bg5 {[%clk 0:11:03]} 33. Bxg5 {[%clk 0:12:24]} Rxg5
{[%clk 0:11:30]} 34. Rd2 {[%clk 0:12:23]} Rb6 {[%clk 0:11:38]} 35. Kd1
{[%clk 0:11:54]} Rd6 {[%clk 0:11:55]} 36. Kc2 {[%clk 0:11:04]} Rh5
{[%clk 0:11:07]} 37. h4 {[%clk 0:10:54]} Rf5 {[%clk 0:11:36]} 38. Re2
{[%clk 0:10:33]} Kd7 {[%clk 0:10:11]} 39. Ra4 {[%clk 0:09:48]} Rb5
{[%clk 0:07:14]} 40. Rae4 {[%clk 0:08:15]} Rdb6 {[%clk 0:07:20]} 41. Kc1
{[%clk 0:07:40]} Ra6 {[%clk 0:06:19]} 42. Ra4 {[%clk 0:04:00]} Rd6
{[%clk 0:03:35]} 43. Kc2 {[%clk 0:02:16]} Rdb6 {[%clk 0:02:29]} 44. Rd2+
{[%clk 0:02:21]} Rd6 {[%clk 0:30:17]} 45. Rad4 {[%clk 0:30:10]} Kc6
{[%clk 0:25:49]} 46. Rc4+ {[%clk 0:27:31]} Kd7 {[%clk 0:25:30]} 47. Re2
{[%clk 0:26:52]} Rdb6 {[%clk 0:22:12]} 48. Kb1 {[%clk 0:27:12]} Rd6
{[%clk 0:22:17]} 49. Rce4 {[%clk 0:26:13]} Ra6 {[%clk 0:19:26]} 50. Ka2
{[%clk 0:26:05]} Rab6 {[%clk 0:17:42]} 51. Re5 {[%clk 0:23:57]} Rd5
{[%clk 0:16:27]} 52. Kb1 {[%clk 0:23:29]} Rd1+ {[%clk 0:13:32]} 53. Ka2
{[%clk 0:22:42]} Rd5 {[%clk 0:13:57]} 54. b3 {[%clk 0:20:37]} Ra6
{[%clk 0:11:53]} 55. Ka3 {[%clk 0:19:33]} Rd1 {[%clk 0:10:46]} 56. Ra2
{[%clk 0:12:36]} Rd3 {[%clk 0:08:38]} 57. Re3 {[%clk 0:12:13]} Rxe3
{[%clk 0:07:21]} 58. fxe3 {[%clk 0:12:41]} Rd6 {[%clk 0:07:45]} 59. Ka4
{[%clk 0:11:45]} Rd5 {[%clk 0:07:22]} 60. e4 {[%clk 0:10:06]} Re5
{[%clk 0:05:49]} 61. Rd2+ {[%clk 0:09:59]} Kc6 {[%clk 0:06:15]} 62. Rd4
{[%clk 0:09:30]} Rc5 {[%clk 0:06:12]} 63. c4 {[%clk 0:08:55]} Re5
{[%clk 0:04:28]} 64. Rd8 {[%clk 0:06:54]} g5 {[%clk 0:04:04]} 65. hxg5
{[%clk 0:04:35]} Rxg5 {[%clk 0:04:31]} 66. Re8 {[%clk 0:04:21]} Kd7
{[%clk 0:02:57]} 67. Ra8 {[%clk 0:04:36]} Rxg3 {[%clk 0:03:16]} 68. Rxa5
{[%clk 0:05:01]} Re3 {[%clk 0:03:25]} 69. Rh5 {[%clk 0:04:58]} Rxe4
{[%clk 0:03:53]} 70. Rxh7 {[%clk 0:05:08]} Re1 {[%clk 0:04:02]} 71. Kb5
{[%clk 0:05:21]} e5 {[%clk 0:04:09]} 72. Kc5 {[%clk 0:05:01]} e4 {[%clk 0:04:18]}
73. Rh3 {[%clk 0:03:46]} Rd1 {[%clk 0:02:19]} 74. Re3 {[%clk 0:00:44]} Rd3
{[%clk 0:02:42]} 75. Rxe4 {[%clk 0:01:09]} 1/2-1/2

[Event "Summer Prague Open 2021 - A"]
[Site "?"]
[Date "2021.08.07"]
[Round "2.14"]
[White "Taborsky, Rostislav"]
[Black "Schirm, Friedmar"]
[Result "1-0"]
[BlackElo "2268"]
[WhiteElo "2090"]
[LiveChessVersion "1.4.8"]

1. d4 {[%clk 1:25:56]} Nf6 {[%clk 1:30:50]} 2. c4 {[%clk 1:26:20]} g6
{[%clk 1:31:08]} 3. Nc3 {[%clk 1:26:34]} d5 {[%clk 1:31:22]} 4. cxd5
{[%clk 1:26:38]} Nxd5 {[%clk 1:31:42]} 5. Bd2 {[%clk 1:27:01]} Nb6
{[%clk 1:31:50]} 6. e4 {[%clk 1:27:24]} Bg7 {[%clk 1:25:27]} 7. Be3
{[%clk 1:27:48]} O-O {[%clk 1:25:33]} 8. h3 {[%clk 1:28:13]} e5 {[%clk 1:24:09]}
9. dxe5 {[%clk 1:28:22]} Bxe5 {[%clk 1:24:13]} 10. Qc2 {[%clk 1:28:38]} c6
{[%clk 1:21:24]} 11. Nf3 {[%clk 1:24:38]} Bg7 {[%clk 1:21:30]} 12. Rd1
{[%clk 1:23:17]} Qe7 {[%clk 1:20:18]} 13. Be2 {[%clk 1:14:05]} Be6
{[%clk 1:16:45]} 14. O-O {[%clk 1:14:03]} Bc4 {[%clk 1:10:58]} 15. Bd4
{[%clk 1:00:52]} Na6 {[%clk 1:02:27]} 16. Bxg7 {[%clk 0:52:38]} Kxg7
{[%clk 1:02:47]} 17. Bxc4 {[%clk 0:51:05]} Nxc4 {[%clk 1:03:09]} 18. Rd4
{[%clk 0:51:09]} Ne5 {[%clk 0:39:53]} 19. Nxe5 {[%clk 0:49:53]} Qxe5
{[%clk 0:40:15]} 20. Qd2 {[%clk 0:47:38]} Rae8 {[%clk 0:26:40]} 21. f4
{[%clk 0:43:12]} Qb8 {[%clk 0:24:34]} 22. e5 {[%clk 0:40:52]} f6 {[%clk 0:10:09]}
23. Ne4 {[%clk 0:23:26]} fxe5 {[%clk 0:10:14]} 24. Rd7+ {[%clk 0:23:48]} Kg8
{[%clk 0:09:28]} 25. f5 {[%clk 0:18:28]} Qc8 {[%clk 0:04:12]} 26. f6
{[%clk 0:13:03]} Rd8 {[%clk 0:04:34]} 27. Rg7+ 1-0

[Event "Summer Prague Open 2021 - A"]
[Site "Olympik hotel, Sokolovska 138,"]
[Date "2021.08.07"]
[Round "2.15"]
[White "Froeyman, Helmut"]
[Black "Zdrazil, Tomas"]
[Result "1/2-1/2"]
[WhiteElo "2260"]
[BlackElo "2051"]
[PlyCount "69"]
[EventDate "2021.08.06"]

1. e4 c5 2. Nf3 d6 3. d4 cxd4 4. Nxd4 Nf6 5. Nc3 a6 6. Be2 e5 7. Nb3 Be7 8. O-O
O-O 9. Be3 Be6 10. Qd3 Nc6 11. a3 Rc8 12. Nd5 Nd7 13. Qd2 h6 14. Rad1 Bg5 15.
f4 exf4 16. Nxf4 Bxb3 17. cxb3 Nf6 18. Bf3 Re8 19. Qd3 Qe7 20. Rfe1 Qe5 21.
Qxd6 Qxd6 22. Rxd6 Nxe4 23. Rdd1 Nf6 24. g3 Rcd8 25. Rxd8 Rxd8 26. h4 Bxf4 27.
Bxf4 Nd5 28. Bd2 Nd4 29. Bd1 Kf8 30. Kf2 Re8 31. Rxe8+ Kxe8 32. a4 Kd7 33. Bc3
Ne6 34. Kf3 Kd6 35. Ke4 1/2-1/2

[Event "Summer Prague Open 2021 - A"]
[Site "Olympik hotel, Sokolovska 138,"]
[Date "2021.08.07"]
[Round "2.16"]
[White "Bub, Volker"]
[Black "Stillger, Bernhard"]
[Result "1/2-1/2"]
[WhiteElo "2074"]
[BlackElo "2255"]
[PlyCount "49"]
[EventDate "2021.08.06"]

1. g3 d5 2. Nf3 Nf6 3. Bg2 Bf5 4. d3 e6 5. O-O Be7 6. Nbd2 h6 7. c4 Nbd7 8. a3
a5 9. b3 O-O 10. Bb2 c6 11. Ra2 Bh7 12. Qa1 Ne8 13. Ne5 Nxe5 14. Bxe5 Bf6 15.
cxd5 Bxe5 16. Qxe5 exd5 17. Nf3 Nd6 18. Rc2 Re8 19. Qb2 Qb6 20. Rfc1 Nb5 21. a4
Nd6 22. Nd4 Nf5 23. Nf3 Nd6 24. Nd4 Nf5 25. Nf3 1/2-1/2

[Event "Summer Prague Open 2021 - A"]
[Site "Olympik hotel, Sokolovska 138,"]
[Date "2021.08.07"]
[Round "2.17"]
[White "Hartge, Gedeon"]
[Black "Vantuch, Lucian"]
[Result "1-0"]
[WhiteElo "2254"]
[BlackElo "2034"]
[PlyCount "69"]
[EventDate "2021.08.06"]

1. d4 Nf6 2. c4 g6 3. f3 Bg7 4. e4 d6 5. Nc3 O-O 6. Nge2 c5 7. d5 e6 8. Ng3 h5
9. Be2 h4 10. Nf1 exd5 11. cxd5 a6 12. a4 Nbd7 13. Bg5 h3 14. g3 Qc7 15. Qd2
Ne5 16. Bh6 Bd7 17. Bxg7 Kxg7 18. Ne3 b5 19. O-O b4 20. Ncd1 a5 21. b3 Rae8 22.
Nf2 Bc8 23. Rae1 Kh7 24. Kh1 Re7 25. Rg1 Rfe8 26. g4 Ba6 27. Rg3 Bxe2 28. Rxe2
Kg7 29. Rxh3 Ng8 30. f4 Nd7 31. g5 Nb6 32. Qb2+ Kf8 33. Qh8 c4 34. Neg4 Nxd5
35. Nh6 1-0

[Event "Summer Prague Open 2021 - A"]
[Site "Olympik hotel, Sokolovska 138,"]
[Date "2021.08.07"]
[Round "2.18"]
[White "Brozka, Karel"]
[Black "Pallas, Sebastian"]
[Result "1-0"]
[WhiteElo "2054"]
[BlackElo "2249"]
[PlyCount "67"]
[EventDate "2021.08.06"]

1. d4 Nf6 2. c4 g6 3. Nc3 d5 4. Nf3 Bg7 5. Bg5 Ne4 6. cxd5 Nxg5 7. Nxg5 e6 8.
Qd2 h6 9. Nf3 exd5 10. e3 O-O 11. Be2 c6 12. O-O Nd7 13. b4 Nf6 14. Rab1 Bf5
15. Bd3 Qc8 16. Rfc1 Qe6 17. Bxf5 Qxf5 18. b5 Rfc8 19. bxc6 bxc6 20. Na4 Ne4
21. Qa5 g5 22. Nc5 Nd6 23. Nd2 Bf8 24. Qa6 Rab8 25. Rxb8 Rxb8 26. Ncb3 Rb6 27.
Qxa7 Nc8 28. Qa8 Ne7 29. a4 Qd3 30. a5 Rxb3 31. Nxb3 Qxb3 32. a6 Qa3 33. Rf1 c5
34. Qb7 1-0

[Event "Summer Prague Open 2021 - A"]
[Site "Olympik hotel, Sokolovska 138,"]
[Date "2021.08.07"]
[Round "2.19"]
[White "Gimenez Menchon, Cesar"]
[Black "Valenta, Vit Vaclav"]
[Result "1-0"]
[WhiteElo "2246"]
[BlackElo "2021"]
[PlyCount "41"]
[EventDate "2021.08.06"]

1. e4 e5 2. Nf3 Nc6 3. Nc3 Nf6 4. d4 exd4 5. Nxd4 Bb4 6. Nxc6 bxc6 7. Bd3 d5 8.
exd5 cxd5 9. O-O O-O 10. h3 h6 11. Qf3 Bd6 12. Nb5 Be5 13. Re1 Re8 14. Bf4 Bxf4
15. Qxf4 Rxe1+ 16. Rxe1 Ne8 17. Nxc7 g5 18. Rxe8+ Qxe8 19. Qf6 Qe1+ 20. Kh2 Rb8
21. Qd8+ 1-0